Pocket orthopaedic surgery (Record no. 42120)

MARC details
000 -LEADER
fixed length control field 00423nam a2200169Ia 4500
020 ## - INTERNATIONAL STANDARD BOOK NUMBER
ISBN 9781451185669
050 ## - CALL MARK
Classification number RD 731 .P63/
100 ## - STATEMENT OF RESPONSIBILITY--MAIN AUTHOR NAME
Personal name Boughanem, Jay (Jamal)
245 #0 - TITLE STATEMENT
Title Pocket orthopaedic surgery
260 ## - PUBLICATION, DISTRIBUTION, ETC. (IMPRINT)
Place of publication Philadelphia
260 ## - PUBLICATION, DISTRIBUTION, ETC. (IMPRINT)
Name of publisher Lippincott Williams & Wilkins
260 ## - PUBLICATION, DISTRIBUTION, ETC. (IMPRINT)
Year of publication 2016
650 ## - SUBJECT ADDED ENTRY--TOPICAL TERM
Topical Term Philadelphia
942 ## - ADDED ENTRY ELEMENTS (KOHA)
Koha item type Books
Holdings
Withdrawn status Lost status Source of classification or shelving scheme Damaged status Not for loan Permanent Location Current Location Shelving location Date acquired Accession Number Price effective from Koha item type
    Library of Congress Classification     NILE UNIVERSITY OF NIGERIA - MAIN LIBRARY NILE UNIVERSITY OF NIGERIA - MAIN LIBRARY Items on shelf 06/03/2025 0188238 06/03/2025 Books